Cooling towers : (Record no. 178785)

000 -LEADER
fixed length control field 01003 a2200205 4500
003 - CONTROL NUMBER IDENTIFIER
control field Nust
005 - DATE AND TIME OF LATEST TRANSACTION
control field 20221024140414.0
010 ## - LIBRARY OF CONGRESS CONTROL NUMBER
LC control number 81065711
020 ## - INTERNATIONAL STANDARD BOOK NUMBER
International Standard Book Number 0250404079
040 ## - CATALOGING SOURCE
Transcribing agency Nust
082 00 - DEWEY DECIMAL CLASSIFICATION NUMBER
Classification number 621.197,CHE
100 1# - MAIN ENTRY--PERSONAL NAME
Personal name Cheremisinoff, Nicholas P.
245 10 - TITLE STATEMENT
Title Cooling towers :
Remainder of title selection, Design and practice
Statement of responsibility, etc. / Nicholas P. Cheremisinoff, Paul N. Cheremisinoff.
260 ## - PUBLICATION, DISTRIBUTION, ETC.
Place of publication, distribution, etc. Ann Arbor, Mich. :
Name of publisher, distributor, etc. Ann Arbor Science Publishers,
Date of publication, distribution, etc. c1981.
300 ## - PHYSICAL DESCRIPTION
Extent xi, 347 p. :
Other physical details ill. ;
Dimensions 24 cm.
505 ## - FORMATTED CONTENTS NOTE
Formatted contents note Overview (Page-1), Properties and Definitions for the Air Water Systems (Page-13), Heat and Mass Transfer Principle (Page-35), Cooling Towers Classifications (Page-59), Theory and Design Principle (Page-87), Operation and Design Practices (Page-125), Mechanical Components of Cooling Towers (Page-163), Cooling Tower water Treatment (Page-185), Guidelines for winter Operation (Page-207).
650 #0 - SUBJECT ADDED ENTRY--TOPICAL TERM
Topical term or geographic name entry element Cooling towers
9 (RLIN) 101272
700 1# - ADDED ENTRY--PERSONAL NAME
Personal name Cheremisinoff, Paul N.
9 (RLIN) 6357
942 ## - ADDED ENTRY ELEMENTS (KOHA)
Source of classification or shelving scheme
Koha item type Book
Holdings
Withdrawn status Lost status Source of classification or shelving scheme Damaged status Not for loan Permanent Location Current Location Shelving location Date acquired Full call number Barcode Date last seen Price effective from Koha item type Public note
          Military College of Signals (MCS) Military College of Signals (MCS) General Stacks 12/12/2016 621.197,CHE MCS20836 12/08/2016 12/12/2016 Book Almirah No.27, Shelf No.6
© 2023 Central Library, National University of Sciences and Technology. All Rights Reserved.